Flaggen Ozeaniens (zufällige Reihenfolge) - Statistiken

Allgemein
  • Dieses Quiz wurde 114 mal gespielt
  • Das Durchschnittsergebnis liegt bei 12 aus 14
Antwortstatistiken
Bildquiz Antwort % Korrekt
Neuseeland
100%
Australien
97%
Palau
94%
Papua-Neuguinea
92%
Fidschi
90%
Mikronesien
88%
Kiribati
86%
Samoa
85%
Tonga
85%
Tuvalu
83%
Marshallinseln
81%
Salomonen
81%
Nauru
79%
Vanuatu
79%
Keine übereinstimmenden Quizze gefunden
Verteilung der Resultate
Anzahl Personen mit jedem Resultat
Perzentil nach korrekt beantworteten Fragen
Ihre Resultats-Entwicklung
Sie haben dieses Quiz noch nicht gespielt